Jak dobrze znasz piosenkę "Przekorny los" zespołu Akcent? - Statystyki

Ogólne statystyki
  • Ten quiz został rozwiązany 107 razy
  • Średni wynik to 13 z 15
Statystyki odpowiedzi
Tekst Brakujące słowo % Poprawnych
Raz mi daje raz ... zabiera
100%
Pa ra pa ... ra pa pa pa
99%
Los chce ze mną grać w ... pokera
99%
Cuda przecież się zdarzają i ... się spełniają marzenia
98%
O ... o
96%
Ludzie mówią, że po ... wstaje dzień nocy
95%
Wszak po burzy zawsze ... lśni słońce
95%
Ludzie mówią do mnie ... martwić się przestań
92%
Ja za swoim szczęściem ... w świat biegnę
89%
Los mi daje szansę jeszcze ... raz jeden
87%
Los przekorny znowu ... da miłość
87%
Zostawiła cię ..., jest ci źle dziewczyna
86%
Zaraz nowa miłość ... w moje drzwi wejdzie
76%
Dziś już nowa miłość do mnie ... się śmieje
61%
Masz ... ten stracony czas nadrobić
54%
Nie znaleziono quizów pasujących do podanych kryteriów
Rozkład punktacji
Procent ludzi z każdym wynikiem
Percentyl według liczby udzielonych odpowiedzi
Twoja historia wyników
Nie rozwiązałeś tego quizu